000 00405nam a22001457a 4500
005 20200620131544.0
008 200620b xxu||||| |||| 00| 0 eng d
082 _a345.4 AIR
110 _aALL INDIA REPORTER
_96272
245 _aALL INDIA REPORTER , [DECEMBER-2019] [12] VOL-106,[PART-1272]
260 _aMUMBAI
_bALL INDIA REPORTER , PVT. LTD.
300 _a21;p
650 _aLAW
_95701
942 _cJRL
999 _c7388
_d7386